000 00348 a2200157 4500
001 186149
020 _a0-582-03043-9
040 _cMagnum
100 _aStempleski, Susan
240 1 0 _aAladdin and his magic lamp
_lING
245 1 0 _aAladdin and his magic lamp
300 _a23
362 0 _a1992
697 _aLITERATURA INGLESA
942 _cBK
999 _c186149
_d186149